Statistieken voor Gemeenten van Nederland

Klik hier om de quiz te nemen!

Algemene statistieken

  • Deze quiz is 205 keer genomen
  • De gemiddelde score is 70 van 352

Antwoordstatistieken

Gemeente% Correct
Amsterdam
79%
Rotterdam
74%
Assen
55%
Utrecht
55%
Groningen
53%
Apeldoorn
50%
Leeuwarden
50%
Maastricht
50%
Arnhem
47%
Amersfoort
45%
Bergen / Limburg
45%
Eindhoven
45%
Zwolle
45%
Alkmaar
42%
Bergen / N-Holland
42%
Breda
42%
Almere
39%
Delft
39%
Nijmegen
39%
Aa
37%
Almelo
37%
Ameland
37%
Boxtel
37%
Den Helder
37%
Haarlem
37%
Lelystad
37%
Roermond
37%
Aalten
34%
Baarn
34%
Best
34%
Beverwijk
34%
Deventer
34%
Ede
34%
Emmen
34%
Middelburg
34%
Tilburg
34%
Zeist
34%
Dordrecht
32%
Asten
29%
Barendrecht
29%
Barneveld
29%
Beek
29%
Bergen op Zoom
29%
Bunnik
29%
Bunschoten
29%
Coevorden
29%
Duiven
29%
Enschede
29%
Haarlemmermeer
29%
Heerlen
29%
Hilversum
29%
Hoogeveen
29%
Hoorn
29%
Sittard-Geleen
29%
Texel
29%
Venlo
29%
Amstel
26%
Beuningen
26%
Boekel
26%
Brummen
26%
Buren
26%
Druten
26%
Epe
26%
Ermelo
26%
Gennep
26%
Goes
26%
Gorinchem
26%
Gouda
26%
Harlingen
26%
Helmond
26%
Kapelle
26%
Leiderdorp
26%
Nijkerk
26%
Putten
26%
Soest
26%
Terschelling
26%
Venray
26%
Aalsmeer
24%
Achtkarspelen
24%
Alphen aan de Rijn
24%
Altena
24%
Amstelveen
24%
Appingedam
24%
Beekdaelen
24%
Beesel
24%
Berg en Dal
24%
Bloemendaal
24%
Bodegraven
24%
Borger
24%
Borne
24%
Boxmeer
24%
Bronckhorst
24%
Cuijk
24%
Deurne
24%
Doetinchem
24%
Dongen
24%
Dronten
24%
Hattem
24%
Heemskerk
24%
Hengelo
24%
Hillegom
24%
Kampen
24%
Katwijk
24%
Kerkrade
24%
Leusden
24%
Lisse
24%
Meppel
24%
Nieuwegein
24%
Oss
24%
Rhenen
24%
Schagen
24%
Schiermonnikoog
24%
Vlissingen
24%
Alblasserdam
21%
Berkelland
21%
Bladel
21%
Brunssum
21%
Castricum
21%
Cranendonck
21%
Eemnes
21%
Eersel
21%
Elburg
21%
Enkhuizen
21%
Gilze
21%
Grave
21%
Gulpen
21%
Heemstede
21%
Houten
21%
Huizen
21%
Landgraaf
21%
Laren
21%
Leidschendam
21%
Purmerend
21%
Schiedam
21%
S' Hertogenbosch
21%
Stein
21%
Terneuzen
21%
Vaals
21%
Valkenburg
21%
Vlieland
21%
Volendam
21%
Wageningen
21%
Zaanstad
21%
Alphen-Chaam
18%
Bernheze
18%
Bilt
18%
Blaricum
18%
Borsele
18%
Culemborg
18%
Dalfsen
18%
Diemen
18%
Dinkelland
18%
Drimmelen
18%
Eijsden
18%
Gooise Meren
18%
Hardinxveld
18%
Heerde
18%
Heumen
18%
IJsselstein
18%
Kaag
18%
Krimpen
18%
Leudal
18%
Meerssen
18%
Oirschot
18%
Oisterwijk
18%
Oldebroek
18%
Raalte
18%
Renkum
18%
Rheden
18%
Rijssen
18%
Sudwest-Fryslan
18%
Tiel
18%
Westland
18%
Winterswijk
18%
Albrandswaard
16%
Bergeijk
16%
Brielle
16%
Delfzijl
16%
Doesburg
16%
Drechterland
16%
Etten
16%
Geertruidenberg
16%
Geldrop
16%
Gemert
16%
Haaksbergen
16%
Haaren
16%
Hardenberg
16%
Hellendoorn
16%
Hellevoetsluis
16%
Herenveen
16%
Hilvarenbeek
16%
Hulst
16%
Laarbeek
16%
Lansingerland
16%
Lingewaard
16%
Maasdriel
16%
Maasgouw
16%
Meierijstad
16%
Moerdijk
16%
Molenlanden
16%
Mook
16%
Nederweert
16%
Noordenveld
16%
Nunspeet
16%
Oldenzaal
16%
Oosterhout
16%
Overbetuwe
16%
Papendrecht
16%
Pijnacker
16%
Roerdalen
16%
Rozendaal
16%
S' Gravenhage
16%
Simpelveld
16%
Sliedrecht
16%
Sluis
16%
Son
16%
Stadskanaal
16%
Staphorst
16%
Steenbergen
16%
Stichtse Vecht
16%
Tynaarlo
16%
Uden
16%
Veendam
16%
Veenendaal
16%
Velsen
16%
Vlaardingen
16%
Voorst
16%
Waalwijk
16%
Wassenaar
16%
Westervoort
16%
Wijchen
16%
Woerden
16%
Zandvoort
16%
Zwijndrecht
16%
Goeree
13%
Goirle
13%
Halderberge
13%
Hardewijk
13%
Heerhugowaard
13%
Heeze
13%
Heiloo
13%
Hendrik
13%
Heusden
13%
Hof van Twente
13%
Hollands Kroon
13%
Krimpenerwaard
13%
Lochem
13%
Loon
13%
Lopik
13%
Losser
13%
Midden-Delfland
13%
Midden-Drenthe
13%
Midden-Groningen
13%
Montferland
13%
Nieuwkoop
13%
Noordoostpolder
13%
Nuenen
13%
Olst-Wijhe
13%
Ommen
13%
Ooststellingwerf
13%
Pekela
13%
Reimerswaal
13%
Renswoude
13%
Ronde Venen
13%
Rucphen
13%
Scherpenzeel
13%
Sint Anthonis
13%
Someren
13%
Stedebroec
13%
Teylingen
13%
Tholen
13%
Tubbergen
13%
Valkenswaard
13%
Veldhoven
13%
Voerendaal
13%
Voorschoten
13%
Waalre
13%
Waddinxveen
13%
Westbetuwe
13%
Westerkwartier
13%
Westerwolde
13%
Westvoorne
13%
Wijdemeren
13%
Wolden
13%
Zaltbommel
13%
Zeewolde
13%
Zevenaar
13%
Zoeterwoude
13%
Zuidplas
13%
Dantumadiel
11%
Fryskemarren
11%
Heuvelrug
11%
Hogeland
11%
Koggenland
11%
Landerd
11%
Langedijk
11%
Loppersum
11%
Maassluis
11%
Mill
11%
Nissewaard
11%
Noardeast-Fryslan
11%
Oegstgeest
11%
Oldambt
11%
Oostzaan
11%
Opmeer
11%
Opsterland
11%
Oudewater
11%
Peel
11%
Reusel
11%
Ridderkerk
11%
Rijswijk
11%
Sint Michielsgestel
11%
Smallingerland
11%
Steenwijkerland
11%
Susteren
11%
Twenterand
11%
Tytsjerksteradiel
11%
Urk
11%
Veere
11%
Vijfheerenlanden
11%
Waadhoeke
11%
Weesp
11%
Westerveld
11%
Westmaas
11%
Weststellingwerf
11%
Wierden
11%
Woudenberg
11%
Beemster
8%
Betuwe
8%
Hoeksche Waard
8%
IJsselstreek
8%
Landsmeer
8%
Medemblik
8%
Rossendaal
8%
Uithoorn
8%
Vught
8%
Waterland
8%
Wormerland
8%
Zundert
8%
Zwartewaterland
8%
Beveland
5%
Duiveland
5%
Duurstede
5%
Gelre
5%
Monfoort
5%
Uitgeest
5%
Woensdrecht
5%
Zoetemeer
5%
Baarle-Naseu
3%
Cappellen
3%
Horst aan de Maas
3%
Zupthen
0%

Scoreverdeling

Percentiel versus Aantal Correcte Antwoorden

Procent van Mensen met Elke Score

Uw Scoregeschiedenis

U heeft deze quiz nog niet genomen